000 00425nam a22001697a 4500
003 SGT
020 _a978931208806
082 _a614.1
_bR23W
100 _aWAGHMODE, AVINASH H.
245 _aREVIEW OF FORENSIC MEDICINE & TOXICOLOGY
250 _a1ST
260 _aINDIA
_bINNOVATIVE PUB
_c2023
300 _a513
650 _aFORENSIC MRDICINE
653 _aREVIEW OF FORENSIC MEDICINE & TOXICOLOGY
942 _2ddc
_cBK
999 _c33404
_d33404